Drawing a balance between state sovereignty and non-refoulement: (Record no. 3811)

000 -LEADER
fixed length control field 00477nam a22001457a 4500
003 - CONTROL NUMBER IDENTIFIER
control field OSt
005 - DATE AND TIME OF LATEST TRANSACTION
control field 20170331095052.0
008 - FIXED-LENGTH DATA ELEMENTS--GENERAL INFORMATION
fixed length control field 170331b xxu||||| |||| 00| 0 eng d
050 ## - LIBRARY OF CONGRESS CALL NUMBER
Classification number JV6217.5.G53 2016
100 ## - MAIN ENTRY--PERSONAL NAME
Personal name Gichuhi, Wambui Vivianne
245 ## - TITLE STATEMENT
Title Drawing a balance between state sovereignty and non-refoulement:
Remainder of title Kenya's decision to repatriate refugees in the Dadaab Camp
Statement of responsibility, etc Vivianne Wambui Gichuhi,
260 ## - PUBLICATION, DISTRIBUTION, ETC. (IMPRINT)
Place of publication, distribution, etc Nairobi
Date of publication, distribution, etc 2016
300 ## - PHYSICAL DESCRIPTION
Extent 43 p
942 ## - ADDED ENTRY ELEMENTS (KOHA)
Source of classification or shelving scheme
Koha item type Research Project
Holdings
Withdrawn status Lost status Source of classification or shelving scheme Damaged status Not for loan Home library Current library Shelving location Date acquired Total Checkouts Full call number Barcode Date last seen Price effective from Koha item type
          Riara University Library Riara University Library Special Collection 31/03/2017   RUSC JV6217.5.G53 2016 8916/17 12/04/2017 31/03/2017 Research Project

Riara University Library,
P.O. Box 49940-00100,
Nairobi, Kenya.